Indiana Jones Movies - Statistics

General Stats
  • This quiz has been taken 50 times
  • The average score is 4 of 5
Answer Stats
Picture Answer % Correct
Indiana Jones and the Last Crusade
90%
Indiana Jones and the Temple of Doom
90%
Raiders of the Lost Ark
87%
Indiana Jones and the Kingdom of the Crystal Skull
74%
Indiana Jones and the Dial of Destiny
55%
No matching quizzes found
Score Distribution
Percent of People with Each Score
Percentile by Number Answered
Your Score History
You have not taken this quiz